<?xml version="1.0" encoding="UTF-8"?>
<record
    xmlns:xsi="http://www.w3.org/2001/XMLSchema-instance"
    xsi:schemaLocation="http://www.loc.gov/MARC21/slim http://www.loc.gov/standards/marcxml/schema/MARC21slim.xsd"
    xmlns="http://www.loc.gov/MARC21/slim">

  <leader>00581nam a22001937a 4500</leader>
  <controlfield tag="008">221028b        |||||||| |||| 00| f mal d</controlfield>
  <datafield tag="020" ind1=" " ind2=" ">
    <subfield code="a">9781542044233</subfield>
  </datafield>
  <datafield tag="041" ind1=" " ind2=" ">
    <subfield code="a">mal</subfield>
    <subfield code="h">eng</subfield>
  </datafield>
  <datafield tag="084" ind1=" " ind2=" ">
    <subfield code="2">CC</subfield>
    <subfield code="a">O-2,3N74,N</subfield>
    <subfield code="b">32Q9</subfield>
  </datafield>
  <datafield tag="100" ind1=" " ind2=" ">
    <subfield code="a">Chetan Bhagat</subfield>
  </datafield>
  <datafield tag="245" ind1=" " ind2=" ">
    <subfield code="a">Noottiyancham muriyile penkutty /</subfield>
    <subfield code="c">Chetan Bhagat; translated by Kabani C.</subfield>
  </datafield>
  <datafield tag="246" ind1=" " ind2=" ">
    <subfield code="a">105 am muriyile penkutty</subfield>
  </datafield>
  <datafield tag="260" ind1=" " ind2=" ">
    <subfield code="a">Seatttle :</subfield>
    <subfield code="b">Westland,</subfield>
    <subfield code="c">2019.</subfield>
  </datafield>
  <datafield tag="546" ind1=" " ind2=" ">
    <subfield code="a">In Malayalam</subfield>
  </datafield>
  <datafield tag="653" ind1=" " ind2=" ">
    <subfield code="a">Indian English Fiction - Malayalam Translation</subfield>
  </datafield>
  <datafield tag="700" ind1=" " ind2=" ">
    <subfield code="a">Kabani, C.</subfield>
    <subfield code="e">Translator</subfield>
  </datafield>
  <datafield tag="942" ind1=" " ind2=" ">
    <subfield code="c">BK</subfield>
  </datafield>
  <datafield tag="999" ind1=" " ind2=" ">
    <subfield code="c">334471</subfield>
    <subfield code="d">334471</subfield>
  </datafield>
  <datafield tag="952" ind1=" " ind2=" ">
    <subfield code="0">0</subfield>
    <subfield code="1">0</subfield>
    <subfield code="4">0</subfield>
    <subfield code="7">0</subfield>
    <subfield code="8">MAL</subfield>
    <subfield code="a">BLC</subfield>
    <subfield code="b">BLC</subfield>
    <subfield code="d">2022-10-28</subfield>
    <subfield code="l">36</subfield>
    <subfield code="m">8</subfield>
    <subfield code="o">O-2,3N74,N 32Q9</subfield>
    <subfield code="p">494034</subfield>
    <subfield code="q">2026-05-04</subfield>
    <subfield code="r">2026-03-07</subfield>
    <subfield code="s">2026-03-07</subfield>
    <subfield code="v">250.00</subfield>
    <subfield code="w">2022-10-28</subfield>
    <subfield code="y">BK</subfield>
  </datafield>
  <datafield tag="952" ind1=" " ind2=" ">
    <subfield code="0">0</subfield>
    <subfield code="1">0</subfield>
    <subfield code="4">0</subfield>
    <subfield code="7">0</subfield>
    <subfield code="8">MAL</subfield>
    <subfield code="a">BLC</subfield>
    <subfield code="b">BLC</subfield>
    <subfield code="d">2022-10-28</subfield>
    <subfield code="l">29</subfield>
    <subfield code="m">6</subfield>
    <subfield code="o">O-2,3N74,N 32Q9</subfield>
    <subfield code="p">494035</subfield>
    <subfield code="r">2026-06-14</subfield>
    <subfield code="s">2026-05-08</subfield>
    <subfield code="v">250.00</subfield>
    <subfield code="w">2022-10-28</subfield>
    <subfield code="y">BK</subfield>
  </datafield>
  <datafield tag="952" ind1=" " ind2=" ">
    <subfield code="0">0</subfield>
    <subfield code="1">0</subfield>
    <subfield code="4">0</subfield>
    <subfield code="7">0</subfield>
    <subfield code="8">MAL</subfield>
    <subfield code="a">BLC</subfield>
    <subfield code="b">BLC</subfield>
    <subfield code="d">2022-10-28</subfield>
    <subfield code="l">29</subfield>
    <subfield code="m">10</subfield>
    <subfield code="o">O-2,3N74,N 32Q9</subfield>
    <subfield code="p">494036</subfield>
    <subfield code="r">2026-06-15</subfield>
    <subfield code="s">2026-04-16</subfield>
    <subfield code="v">250.00</subfield>
    <subfield code="w">2022-10-28</subfield>
    <subfield code="y">BK</subfield>
  </datafield>
  <datafield tag="952" ind1=" " ind2=" ">
    <subfield code="0">0</subfield>
    <subfield code="1">0</subfield>
    <subfield code="4">0</subfield>
    <subfield code="7">0</subfield>
    <subfield code="8">MAL</subfield>
    <subfield code="a">BLC</subfield>
    <subfield code="b">BLC</subfield>
    <subfield code="d">2022-10-28</subfield>
    <subfield code="l">17</subfield>
    <subfield code="m">4</subfield>
    <subfield code="o">O-2,3N74,N 32Q9</subfield>
    <subfield code="p">494037</subfield>
    <subfield code="r">2026-06-14</subfield>
    <subfield code="s">2026-05-14</subfield>
    <subfield code="v">250.00</subfield>
    <subfield code="y">BK</subfield>
  </datafield>
</record>
